Icelandic things [pic] - Statistics

General Stats
  • This quiz has been taken 45 times
  • The average score is 7 of 16
Answer Stats
Picture Answer % Correct
Geyser
85%
Puffin
80%
Volcanoes
78%
Björk
71%
Skyr
63%
Glacier
51%
Althing / Alþingi
49%
Sagas
41%
Swimming
37%
Ring Road / Route 1
32%
Icelandic horse
27%
Fishing
22%
Whaling
20%
Þorramatur / Thorramatur
15%
Ásatrú Fellowship
7%
Ingólfur Arnarson
2%
No matching quizzes found
Score Distribution
Percent of People with Each Score
Percentile by Number Answered
Your Score History
You have not taken this quiz